[Event "19th Hogeschool Zeeland Tournament"]
[Site "Vlissingen"]
[Date "2015.08.03"]
[Round "4"]
[Board "24"]
[White "Beerdsen, Thomas"]
[Black "Vrolijk, Liam"]
[Result "1-0"]
[WhiteElo "2319"]
[BlackElo "2095"]
[PlyCount "67"]
[EventDate "2015.08.01"]
[EventRounds "9"]
[EventCountry "NED"]

1. d4 Nf6 2. c4 g6 3. Nc3 Bg7 4. e4 d6 5. Nf3 O-O 6. Be2 c5 7. d5 e5 8. h3 Ne8
9. g4 f5 10. gxf5 gxf5 11. Ng5 Qf6 12. exf5 Bxf5 13. Nce4 Qe7 14. Bg4 Bg6 15.
h4 Nf6 16. Nxf6+ Qxf6 17. Be3 h6 18. Ne6 Na6 19. a3 Rab8 20. h5 Be4 21. Nxf8
Rxf8 22. Rg1 b5 23. Qd2 Nc7 24. b3 Kh8 25. Qa5 Rf7 26. O-O-O Bf3 27. Bxf3 e4
28. Rxg7 Qa1+ 29. Kc2 Qa2+ 30. Kc3 Kxg7 31. Bxe4 Re7 32. Bd3 Na6 33. Qxb5 Qxa3
34. Qa4 1-0

[Event "19th Hogeschool Zeeland Tournament"]
[Site "Vlissingen"]
[Date "2015.08.03"]
[Round "4"]
[Board "25"]
[White "Brockhaus, Bernd"]
[Black "Bezemer, Arno"]
[Result "0-1"]
[WhiteElo "2096"]
[BlackElo "2305"]
[PlyCount "112"]
[EventDate "2015.08.01"]
[EventRounds "9"]
[EventCountry "NED"]

1. d4 Nf6 2. Bg5 d5 3. e3 c6 4. Bd3 Qb6 5. Qc1 g6 6. Nd2 Bg7 7. Ngf3 O-O 8. h4
Nbd7 9. c3 Re8 10. h5 Nxh5 11. Qc2 Nhf6 12. O-O-O Ng4 13. Nf1 e5 14. N1h2 Nxh2
15. Nxh2 Nf8 16. dxe5 Bxe5 17. Nf3 Bg7 18. Bh6 c5 19. Bxg7 Kxg7 20. Qa4 Bd7 21.
Qf4 Qf6 22. Qc7 Bc6 23. Qh2 h5 24. Qg3 Nd7 25. Rxh5 Rh8 26. Rf5 Qe7 27. Rg5 Kf8
28. Nh4 Ke8 29. Bxg6 Rxh4 30. Bxf7+ Qxf7 31. Qxh4 Nf8 32. Re5+ Kd7 33. e4 Qg7
34. Rg5 Qe7 35. exd5 Bb5 36. Qg4+ Kd6 37. Qf4+ Kd7 38. Re5 Qg7 39. Qf5+ Kd6 40.
Re3 Re8 41. Qf4+ Kd7 42. Rxe8 Kxe8 43. Re1+ Kd7 44. Qb8 Qh6+ 45. f4 Ba6 46.
Qe8+ Kc7 47. Qe5+ Kb6 48. g4 Ka5 49. c4 b5 50. Qc3+ b4 51. Qe3 Nd7 52. g5 Qh2
53. Qd2 Qh8 54. Qd3 Nb6 55. b3 Bc8 56. Kd2 Bg4 0-1

[Event "19th Hogeschool Zeeland Tournament"]
[Site "Vlissingen"]
[Date "2015.08.03"]
[Round "4"]
[Board "26"]
[White "Goossens, Xavier"]
[Black "Dardha, Arben"]
[Result "0-1"]
[WhiteElo "2094"]
[BlackElo "2297"]
[PlyCount "74"]
[EventDate "2015.08.01"]
[EventRounds "9"]
[EventCountry "NED"]

1. e4 c5 2. Nf3 Nc6 3. d4 cxd4 4. Nxd4 e5 5. Nb5 d6 6. N1c3 a6 7. Na3 b5 8. Nd5
Nf6 9. c4 b4 10. Nxf6+ Qxf6 11. Nc2 Qg6 12. Ne3 Be7 13. Bd3 O-O 14. O-O Bg5 15.
Kh1 Ne7 16. a3 bxa3 17. Rxa3 Rb8 18. b3 Rb6 19. Bc2 Bb7 20. f3 Qh5 21. Qe1 f5
22. exf5 Bf4 23. h3 Bc8 24. Qf2 Rb8 25. Rd1 Bxe3 26. Qxe3 Bxf5 27. Bxf5 Nxf5
28. Qg5 Qxg5 29. Bxg5 Rb6 30. Rd5 Rfb8 31. c5 Rb5 32. Rxa6 h6 33. Bd2 Rxc5 34.
Rxc5 dxc5 35. Rc6 Rb5 36. Re6 Nd4 37. Rxe5 Nxb3 0-1

[Event "19th Hogeschool Zeeland Tournament"]
[Site "Vlissingen"]
[Date "2015.08.03"]
[Round "4"]
[Board "27"]
[White "Van Foreest, Lucas"]
[Black "Ducarmon, Renzo"]
[Result "1-0"]
[WhiteElo "2293"]
[BlackElo "2092"]
[PlyCount "148"]
[EventDate "2015.08.01"]
[EventRounds "9"]
[EventCountry "NED"]

1. b3 Nc6 2. Bb2 e5 3. e3 d6 4. c4 f5 5. d4 Be7 6. Nf3 e4 7. Nfd2 Nf6 8. Be2
O-O 9. O-O Qe8 10. Nc3 Bd8 11. f3 Qg6 12. fxe4 fxe4 13. Rf4 Re8 14. Ncxe4 Qh6
15. Nxf6+ Bxf6 16. Ne4 Bd8 17. Qf1 Ne7 18. Bd3 Ng6 19. Rf2 Bh4 20. g3 Be7 21.
Qe2 Bh3 22. Re1 a6 23. Bc1 Rad8 24. Qc2 Qh5 25. Be2 Bg4 26. Nc3 Bg5 27. Bxg4
Qxg4 28. Qf5 Qxf5 29. Rxf5 h6 30. Kg2 Ne7 31. Rff1 Nc6 32. Nd5 Rd7 33. Bd2 Bd8
34. Nf4 Rde7 35. d5 Ne5 36. Bc3 Rd7 37. Bxe5 Rxe5 38. Ng6 Re8 39. Rf5 Bg5 40.
h4 Bf6 41. Nf4 Bc3 42. Re2 Rf7 43. Rxf7 Kxf7 44. Ne6 c5 45. Rf2+ Ke7 46. Kf3 g6
47. h5 g5 48. Ke4 Rc8 49. Rc2 Be5 50. g4 b6 51. a3 a5 52. Kd3 Rb8 53. Re2 Rc8
54. Nd4 Kd7 55. Nf5 Rh8 56. Ra2 Kc7 57. Rf2 Kd7 58. Kc2 Rf8 59. Rf1 Rh8 60. Kb1
Rh7 61. Ka2 Rh8 62. Rf2 Rh7 63. b4 a4 64. Rf1 Rh8 65. bxc5 bxc5 66. Rb1 Kc7 67.
Rb5 Bc3 68. Kb1 Bf6 69. Kc1 Be5 70. Kc2 Rh7 71. Ra5 Rh8 72. Kd3 Kb7 73. Rxa4
Kb6 74. Ke2 Bh2 1-0

[Event "19th Hogeschool Zeeland Tournament"]
[Site "Vlissingen"]
[Date "2015.08.03"]
[Round "4"]
[Board "28"]
[White "Neubronner, Jarred"]
[Black "Van Der Zalm, Marnix"]
[Result "1-0"]
[WhiteElo "2280"]
[BlackElo "2074"]
[PlyCount "77"]
[EventDate "2015.08.01"]
[EventRounds "9"]
[EventCountry "NED"]

1. e4 d6 2. d4 Nf6 3. Nc3 g6 4. f3 a6 5. a4 Bg7 6. Be3 O-O 7. Qd2 e5 8. d5 Ne8
9. Bg5 f6 10. Bh4 Qd7 11. g4 Qf7 12. O-O-O b5 13. a5 c5 14. dxc6 Nxc6 15. Nd5
Be6 16. Ne2 Rc8 17. Bf2 f5 18. gxf5 gxf5 19. Bb6 Nf6 20. Nxf6+ Qxf6 21. Rg1
fxe4 22. fxe4 Kh8 23. Kb1 Bh6 24. Qe1 Ne7 25. Nc3 b4 26. Nd5 Nxd5 27. exd5 Bf5
28. Bd3 Bxd3 29. Rxd3 Rc4 30. Qe2 Rfc8 31. Rdg3 Qf7 32. Qd3 Rxc2 33. Rh3 Bf4
34. Bd8 h6 35. Rg5 Bxg5 36. Bxg5 Rg2 37. Rxh6+ Kg8 38. Rg6+ Kf8 39. Bh6+ 1-0

[Event "19th Hogeschool Zeeland Tournament"]
[Site "Vlissingen"]
[Date "2015.08.03"]
[Round "4"]
[Board "29"]
[White "De Wolf, Johan"]
[Black "Stillger, Bernhard"]
[Result "1/2-1/2"]
[WhiteElo "2088"]
[BlackElo "2279"]
[PlyCount "94"]
[EventDate "2015.08.01"]
[EventRounds "9"]
[EventCountry "NED"]

1. d4 Nf6 2. Nf3 e6 3. c4 Bb4+ 4. Nbd2 O-O 5. g3 b6 6. Bg2 Bb7 7. O-O Be7 8. b3
c5 9. Bb2 cxd4 10. Nxd4 Bxg2 11. Kxg2 Qc7 12. e3 Nc6 13. Nb5 Qb7 14. Qf3 Rab8
15. Rfd1 a6 16. Nc3 d6 17. Nce4 Ne8 18. Kg1 f5 19. Nc3 Nf6 20. Qg2 Ne5 21. Qxb7
Rxb7 22. Nf1 b5 23. cxb5 axb5 24. Ne2 Kf7 25. Rac1 Ra8 26. a3 Ned7 27. Rc2 Nc5
28. Nc1 Nd5 29. Nd2 g5 30. Nb1 g4 31. Bd4 Ne4 32. Nd3 Rc7 33. Rxc7 Nxc7 34. Rc1
Nd5 35. Bb2 e5 36. Kf1 Ke6 37. Ke2 Kd7 38. Rd1 Ke6 39. Rc1 h5 40. Nd2 Nxd2 41.
Kxd2 Kd7 42. Ke2 Nf6 43. Rc2 Nd5 44. Rc1 Rb8 45. Rd1 Ke6 46. Rc1 Kd7 47. Rd1
Ke6 1/2-1/2

[Event "19th Hogeschool Zeeland Tournament"]
[Site "Vlissingen"]
[Date "2015.08.03"]
[Round "4"]
[Board "30"]
[White "Donovan, Linton"]
[Black "Goldie, Thomas"]
[Result "1/2-1/2"]
[WhiteElo "2276"]
[BlackElo "2067"]
[PlyCount "119"]
[EventDate "2015.08.01"]
[EventRounds "9"]
[EventCountry "NED"]

1. e4 c5 2. Nf3 d6 3. d4 cxd4 4. Nxd4 Nf6 5. Nc3 a6 6. Be3 e5 7. Nb3 Be6 8. f3
Nbd7 9. Qd2 b5 10. O-O-O Be7 11. g4 b4 12. Nd5 Bxd5 13. exd5 Nb6 14. Na5 Nbxd5
15. Nc6 Qc7 16. Nxe7 Nxe3 17. Qxe3 Qxe7 18. Qb6 O-O 19. Qxd6 Qb7 20. Be2 Rfe8
21. Rhf1 Re6 22. Qd2 Rc8 23. g5 Ne8 24. Kb1 Qb6 25. Bd3 g6 26. Qf2 Qc7 27. h4
Ng7 28. Qd2 a5 29. Be4 Nh5 30. Qd7 Nf4 31. Qxc7 Rxc7 32. Rd8+ Kg7 33. Rfd1 Ree7
34. R1d6 Ra7 35. Kc1 h5 36. gxh6+ Kxh6 37. Rd2 f5 38. Bc6 Rac7 39. Ba4 e4 40.
fxe4 fxe4 41. R2d7 Rcxd7 42. Rxd7 Re5 43. Rd8 e3 44. Re8 Rxe8 45. Bxe8 Kh5 46.
Kd1 Kxh4 47. Bxg6 Kg3 48. Be8 Kf2 49. Bb5 e2+ 50. Bxe2 Nxe2 51. Kd2 Kf3 52. a3
Nf4 53. axb4 axb4 54. c3 b3 55. c4 Ke4 56. Kc3 Ne6 57. Kxb3 Kd4 58. Kb4 Nc5 59.
Kb5 Nb3 60. Kb4 1/2-1/2

[Event "19th Hogeschool Zeeland Tournament"]
[Site "Vlissingen"]
[Date "2015.08.03"]
[Round "4"]
[Board "32"]
[White "Haak, Eelco"]
[Black "Foisor, Sabina-Francesca"]
[Result "0-1"]
[WhiteElo "2081"]
[BlackElo "2230"]
[PlyCount "66"]
[EventDate "2015.08.01"]
[EventRounds "9"]
[EventCountry "NED"]

1. d4 Nf6 2. Nf3 e6 3. g3 d5 4. Bg2 Be7 5. O-O O-O 6. b3 c5 7. e3 Nbd7 8. Bb2
b6 9. c4 Bb7 10. Nbd2 Rc8 11. Rc1 Rc7 12. Re1 Qa8 13. Ne5 dxc4 14. Bxb7 Qxb7
15. Nxd7 Nxd7 16. bxc4 Rfc8 17. Qb3 Bf6 18. Qd3 Rd8 19. Qc2 Be7 20. Qb3 Nf6 21.
Qc2 h5 22. dxc5 Rxc5 23. Bxf6 gxf6 24. Nb3 Rg5 25. h4 Rg4 26. Red1 f5 27. Rxd8+
Bxd8 28. Kh2 Bxh4 29. Rg1 Bf6 30. c5 bxc5 31. Qxc5 Qf3 32. Qc2 h4 33. gxh4 Be5+
 0-1

[Event "19th Hogeschool Zeeland Tournament"]
[Site "Vlissingen"]
[Date "2015.08.03"]
[Round "4"]
[Board "33"]
[White "Van Den Berg, Ad"]
[Black "Dijkstra, Arjan"]
[Result "1/2-1/2"]
[WhiteElo "2225"]
[BlackElo "2051"]
[PlyCount "29"]
[EventDate "2015.08.01"]
[EventRounds "9"]
[EventCountry "NED"]

1. e4 c6 2. Nc3 d5 3. Qf3 dxe4 4. Nxe4 Nf6 5. Bc4 Nbd7 6. Nxf6+ Nxf6 7. Ne2 Qc7
8. d4 Bg4 9. Qb3 e6 10. Bf4 Bd6 11. Bxd6 Qxd6 12. f3 Bf5 13. O-O-O b5 14. Bd3
Bxd3 15. Qxd3 1/2-1/2

[Event "19th Hogeschool Zeeland Tournament"]
[Site "Vlissingen"]
[Date "2015.08.03"]
[Round "4"]
[Board "34"]
[White "Gijsen, Stief"]
[Black "De Vleeschauwer, Maarten"]
[Result "1-0"]
[WhiteElo "2203"]
[BlackElo "2002"]
[PlyCount "59"]
[EventDate "2015.08.01"]
[EventRounds "9"]
[EventCountry "NED"]

1. d4 e6 2. e4 d5 3. Nc3 dxe4 4. Nxe4 Nf6 5. Nxf6+ Qxf6 6. Nf3 h6 7. Be3 Nc6 8.
Qd2 Bd7 9. O-O-O O-O-O 10. Kb1 Kb8 11. Bd3 Nb4 12. Be2 Ba4 13. Rc1 Bd6 14. a3
Nd5 15. c4 Nf4 16. Bf1 Nxg2 17. Bxg2 Qg6+ 18. Ka2 Qxg2 19. Qe2 Bc6 20. d5 exd5
21. Rhg1 Qh3 22. Nd4 Qd7 23. Rxg7 Rhe8 24. Qf3 dxc4 25. Nxc6+ Qxc6 26. Qxc6
bxc6 27. Rxf7 Bxh2 28. Rxc4 Rf8 29. Rb4+ Kc8 30. Rh7 1-0

[Event "19th Hogeschool Zeeland Tournament"]
[Site "Vlissingen"]
[Date "2015.08.03"]
[Round "4"]
[Board "35"]
[White "Hoffman, Ron"]
[Black "Verduyn, Frederic"]
[Result "0-1"]
[WhiteElo "2074"]
[BlackElo "2199"]
[PlyCount "60"]
[EventDate "2015.08.01"]
[EventRounds "9"]
[EventCountry "NED"]

1. d4 d6 2. e4 Nf6 3. Nc3 c6 4. f4 Qa5 5. e5 Ne4 6. Bd3 f5 7. exf6 Nxf6 8. Nf3
Na6 9. O-O Nb4 10. Bc4 Bg4 11. Bb3 Qb6 12. Kh1 O-O-O 13. Na4 Qc7 14. Qe1 Bxf3
15. Rxf3 Nbd5 16. Bd2 e5 17. fxe5 dxe5 18. dxe5 Ng4 19. Qg3 Nxe5 20. Rf5 Bd6
21. Bxd5 cxd5 22. Bf4 Rhf8 23. Rxf8 Rxf8 24. Nc3 Qc4 25. Qh3+ Nd7 26. g3 Bxf4
27. gxf4 Rxf4 28. Qg2 Nf6 29. Rd1 Ng4 30. Kg1 Qc5+ 0-1

[Event "19th Hogeschool Zeeland Tournament"]
[Site "Vlissingen"]
[Date "2015.08.03"]
[Round "4"]
[Board "36"]
[White "Goormachtigh, Johan"]
[Black "Altenbernd, Dirk"]
[Result "1/2-1/2"]
[WhiteElo "2191"]
[BlackElo "1997"]
[PlyCount "57"]
[EventDate "2015.08.01"]
[EventRounds "9"]
[EventCountry "NED"]

1. d4 g6 2. c4 Bg7 3. e4 d6 4. Nf3 e5 5. Bg5 f6 6. Be3 Ne7 7. Nc3 exd4 8. Nxd4
Nbc6 9. h4 Nxd4 10. Bxd4 Nc6 11. Be3 Be6 12. h5 Qd7 13. h6 Bf8 14. Nd5 Be7 15.
Be2 f5 16. exf5 Bxf5 17. Qd2 O-O-O 18. O-O-O Kb8 19. g4 Be6 20. f3 Rdf8 21.
Nxe7 Qxe7 22. Bg5 Qf7 23. b3 Re8 24. Rhf1 Rhf8 25. Rde1 d5 26. cxd5 Bxd5 27.
Rd1 Ne7 28. Qc3 Qe6 29. Rd2 1/2-1/2

[Event "19th Hogeschool Zeeland Tournament"]
[Site "Vlissingen"]
[Date "2015.08.03"]
[Round "4"]
[Board "37"]
[White "Grochal, Joey"]
[Black "Riksen, John"]
[Result "1-0"]
[WhiteElo "2187"]
[BlackElo "1983"]
[PlyCount "81"]
[EventDate "2015.08.01"]
[EventRounds "9"]
[EventCountry "NED"]

1. d4 d5 2. c4 e6 3. Nc3 Bb4 4. Nf3 c6 5. cxd5 exd5 6. Qc2 Nd7 7. Bg5 Ngf6 8.
e3 h6 9. Bh4 O-O 10. Bd3 Re8 11. O-O Be7 12. Rab1 Ne4 13. Bxe7 Qxe7 14. b4 a6
15. a4 Nb6 16. Bxe4 dxe4 17. Nd2 f5 18. b5 cxb5 19. axb5 a5 20. Na4 Nxa4 21.
Qxa4 Be6 22. Rfc1 Rec8 23. Rxc8+ Rxc8 24. Qxa5 Rc2 25. b6 Qd7 26. Nf1 Bc4 27.
Ng3 g6 28. Qe5 Kf7 29. Qh8 Qb5 30. Rd1 Rd2 31. Re1 Qxb6 32. Qh7+ Ke8 33. Qxh6
Rb2 34. h4 Rb1 35. Rxb1 Qxb1+ 36. Kh2 Bf7 37. Qh8+ Kd7 38. Qg7 Ke8 39. Qe5+ Kf8
40. h5 gxh5 41. Nxf5 1-0

[Event "19th Hogeschool Zeeland Tournament"]
[Site "Vlissingen"]
[Date "2015.08.03"]
[Round "4"]
[Board "38"]
[White "Tissink, Arjan"]
[Black "Timmermans, Ivo"]
[Result "0-1"]
[WhiteElo "2010"]
[BlackElo "2183"]
[PlyCount "80"]
[EventDate "2015.08.01"]
[EventRounds "9"]
[EventCountry "NED"]

1. d4 Nf6 2. Bg5 d5 3. Nd2 Nbd7 4. Ngf3 g6 5. e3 Bg7 6. Bd3 O-O 7. O-O c5 8. c3
Re8 9. h3 b6 10. a4 Bb7 11. Re1 Ne4 12. Bf4 f6 13. Bb5 a6 14. Bxd7 Qxd7 15.
Nxe4 dxe4 16. Nd2 e5 17. dxe5 fxe5 18. Bg3 Rad8 19. Qb3+ Qe6 20. Qxe6+ Rxe6 21.
Nc4 Rd3 22. Red1 Bd5 23. Rxd3 exd3 24. Nd2 e4 25. Kf1 b5 26. axb5 axb5 27. Ra5
Rb6 28. f3 exf3 29. gxf3 Be6 30. h4 c4 31. Kf2 b4 32. Ra8+ Bf8 33. Be5 Kf7 34.
Ne4 Be7 35. Ra7 bxc3 36. Bxc3 Bd5 37. Ng5+ Ke8 38. Bd4 Rb3 39. Bc3 h6 40. Ra5
Bb7 0-1

[Event "19th Hogeschool Zeeland Tournament"]
[Site "Vlissingen"]
[Date "2015.08.03"]
[Round "4"]
[Board "39"]
[White "Nicolai, Erik"]
[Black "Parnali, S Dharia"]
[Result "1-0"]
[WhiteElo "2168"]
[BlackElo "1978"]
[PlyCount "89"]
[EventDate "2015.08.01"]
[EventRounds "9"]
[EventCountry "NED"]

1. Nf3 d5 2. c4 e6 3. g3 Nf6 4. Bg2 c5 5. O-O Nc6 6. b3 d4 7. d3 Be7 8. Na3 O-O
9. Nc2 e5 10. a3 a5 11. Rb1 Bf5 12. Nh4 Bg4 13. h3 Be6 14. Bd2 Nh5 15. e4 Nf4
16. gxf4 Bxh4 17. f5 Bc8 18. b4 axb4 19. axb4 cxb4 20. Nxb4 Nxb4 21. Rxb4 Bg5
22. Rb5 Re8 23. Qc1 Bxd2 24. Qxd2 Ra6 25. f4 f6 26. Bf3 Qc7 27. Bh5 Re7 28.
fxe5 fxe5 29. Qg5 Rf6 30. Kh1 Bd7 31. Rb2 Bc6 32. Rg2 Kh8 33. Rfg1 Qd8 34. Qh4
Rh6 35. Rxg7 Rxh5 36. Rg8+ Qxg8 37. Rxg8+ Kxg8 38. Qxe7 Rxh3+ 39. Kg2 Rxd3 40.
f6 Bxe4+ 41. Kf2 Rf3+ 42. Ke2 d3+ 43. Kd2 Rf2+ 44. Kc3 Rc2+ 45. Kb3 1-0

[Event "19th Hogeschool Zeeland Tournament"]
[Site "Vlissingen"]
[Date "2015.08.03"]
[Round "4"]
[Board "40"]
[White "Van Midde, Jon"]
[Black "Dehn, Marcus"]
[Result "1-0"]
[WhiteElo "1977"]
[BlackElo "2165"]
[PlyCount "119"]
[EventDate "2015.08.01"]
[EventRounds "9"]
[EventCountry "NED"]

1. e4 e6 2. d4 d5 3. Nc3 Nf6 4. Bg5 Be7 5. e5 Nfd7 6. h4 Nc6 7. Bb5 h6 8. Bxe7
Nxe7 9. Nce2 c5 10. c3 Qa5 11. Qa4 Qxa4 12. Bxa4 b6 13. h5 Ba6 14. Kd2 O-O-O
15. f4 Rdf8 16. Bc2 f5 17. Nf3 Bxe2 18. Kxe2 c4 19. b3 cxb3 20. axb3 Kb8 21.
Bd3 Rc8 22. Kd2 Rc7 23. Ra3 Rg8 24. Raa1 Nc6 25. Nh4 Na5 26. Rab1 Rgc8 27. Ba6
Rf8 28. Ng6 Rd8 29. Be2 Nf8 30. Nh4 Rdc8 31. Rhc1 Rf7 32. Ke3 Nc6 33. g3 Ne7
34. Ba6 Rd8 35. Bd3 Nd7 36. Rg1 Rc8 37. Kd2 Rcf8 38. Rbf1 Kc7 39. Ra1 a5 40. b4
Nc6 41. bxa5 Nxa5 42. Rab1 Ra8 43. Rb4 Nc6 44. Rb2 Ra3 45. Ng2 Rf8 46. Ne3 g5
47. hxg6 Rg8 48. Rh1 Rxg6 49. g4 Ne7 50. gxf5 exf5 51. Rh2 Rg3 52. Rxh6 Rf3 53.
Rh7 Rf2+ 54. Be2 Kd8 55. Ke1 Rxe2+ 56. Kxe2 Nf8 57. Rxe7 Kxe7 58. Rxb6 Ne6 59.
Nxd5+ Kf7 60. Rb7+ 1-0

[Event "19th Hogeschool Zeeland Tournament"]
[Site "Vlissingen"]
[Date "2015.08.03"]
[Round "4"]
[Board "41"]
[White "Boucquet, Emile"]
[Black "Volkers, Annemarie"]
[Result "1-0"]
[WhiteElo "2161"]
[BlackElo "1976"]
[PlyCount "91"]
[EventDate "2015.08.01"]
[EventRounds "9"]
[EventCountry "NED"]

1. d4 d5 2. c4 Nc6 3. Nc3 dxc4 4. d5 Ne5 5. Nf3 Nxf3+ 6. exf3 e6 7. Bxc4 exd5
8. Bxd5 Be7 9. Qb3 Nf6 10. Bxf7+ Kf8 11. O-O c6 12. Bc4 Qc7 13. Bg5 h5 14. Ne2
Bd6 15. f4 Ne4 16. Qe3 Nxg5 17. fxg5 g6 18. Nd4 Bxh2+ 19. Kh1 Bf4 20. Qc3 Rh7
21. Nb5 Qe5 22. Qa3+ Kg7 23. Rae1 Qxg5 24. g3 Bh3 25. Nd4 Kh6 26. Nf3 Qf6 27.
gxf4 Bxf1 28. Rxf1 Qxf4 29. Rg1 Re8 30. Qd3 Qe4 31. Qd2+ Kg7 32. Qc3+ Kh6 33.
Re1 Qxf3+ 34. Qxf3 Rxe1+ 35. Kg2 Rhe7 36. Qf8+ Kg5 37. Kg3 h4+ 38. Kh3 R7e4 39.
Qd8+ Kh5 40. Qh8+ Kg5 41. Qc3 Kh5 42. Qf3+ Kh6 43. Bd3 Re5 44. Qf8+ Kh5 45.
Qh8+ Kg5 46. Qxh4# 1-0

[Event "19th Hogeschool Zeeland Tournament"]
[Site "Vlissingen"]
[Date "2015.08.03"]
[Round "4"]
[Board "42"]
[White "Rosmuller, Anton"]
[Black "Dardha, Daniel"]
[Result "1/2-1/2"]
[WhiteElo "2142"]
[BlackElo "1941"]
[PlyCount "70"]
[EventDate "2015.08.01"]
[EventRounds "9"]
[EventCountry "NED"]

1. d4 Nf6 2. Nf3 e6 3. g3 c5 4. c3 cxd4 5. Nxd4 e5 6. Nc2 d5 7. Bg2 Be6 8. O-O
Nc6 9. Nd2 Bc5 10. b4 Bb6 11. b5 Na5 12. Ba3 h5 13. e4 h4 14. exd5 Bxd5 15. Qe2
Bc7 16. Ne3 Bxg2 17. Kxg2 Qd7 18. Nf3 hxg3 19. h4 Nh5 20. fxg3 Nxg3 21. Kxg3
e4+ 22. Kg2 exf3+ 23. Qxf3 O-O-O 24. Qxf7 Qd2+ 25. Qf2 Qxc3 26. Bb2 Qb4 27.
Rad1 Rdf8 28. Qc2 Rxf1 29. Rxf1 Qxh4 30. Qf5+ Kb8 31. Be5 Bxe5 32. Qxe5+ Ka8
33. Qg3 Qa4 34. Qf3 Qxa2+ 35. Rf2 Qa3 1/2-1/2

[Event "19th Hogeschool Zeeland Tournament"]
[Site "Vlissingen"]
[Date "2015.08.03"]
[Round "4"]
[Board "43"]
[White "Lacrosse, Marc"]
[Black "Oud, Niek"]
[Result "1/2-1/2"]
[WhiteElo "2139"]
[BlackElo "1936"]
[PlyCount "50"]
[EventDate "2015.08.01"]
[EventRounds "9"]
[EventCountry "NED"]

1. d4 Nf6 2. c4 e6 3. Nf3 d5 4. Nc3 c6 5. Bg5 Be7 6. e3 Nbd7 7. cxd5 exd5 8.
Qc2 h6 9. Bh4 O-O 10. Bd3 Re8 11. O-O Ne4 12. Bxe7 Qxe7 13. Rae1 Nf8 14. Nd2
Bf5 15. Bxe4 Bxe4 16. Ndxe4 dxe4 17. f3 exf3 18. Rxf3 Rad8 19. Ref1 Rd7 20. Qd3
Qe6 21. b3 Nh7 22. Qc4 Ng5 23. Rg3 Ne4 24. Qxe6 Rxe6 25. Nxe4 Rxe4 1/2-1/2

[Event "19th Hogeschool Zeeland Tournament"]
[Site "Vlissingen"]
[Date "2015.08.03"]
[Round "4"]
[Board "44"]
[White "Sekandar, Kambiz"]
[Black "Oostvogels, Niek"]
[Result "1-0"]
[WhiteElo "2130"]
[BlackElo "1864"]
[PlyCount "49"]
[EventDate "2015.08.01"]
[EventRounds "9"]
[EventCountry "NED"]

1. e4 d5 2. exd5 Nf6 3. Bb5+ Bd7 4. Bc4 b5 5. Bb3 c6 6. dxc6 Nxc6 7. d4 Bg4 8.
f3 Bf5 9. Ne2 e6 10. a4 Qa5+ 11. Bd2 b4 12. Be3 Be7 13. Nd2 Nd5 14. Bf2 O-O 15.
O-O Rfd8 16. c4 bxc3 17. bxc3 Bg5 18. Nc4 Qa6 19. h4 Rab8 20. hxg5 Rxb3 21.
Qxb3 Bd3 22. Na3 Bxe2 23. Rfe1 Nf4 24. c4 Rb8 25. Qe3 1-0

[Event "19th Hogeschool Zeeland Tournament"]
[Site "Vlissingen"]
[Date "2015.08.03"]
[Round "4"]
[Board "45"]
[White "Hammann, Jonas"]
[Black "Zepeda, Lorena"]
[Result "1/2-1/2"]
[WhiteElo "1845"]
[BlackElo "2121"]
[PlyCount "140"]
[EventDate "2015.08.01"]
[EventRounds "9"]
[EventCountry "NED"]

1. d4 Nf6 2. c4 g6 3. Nc3 Bg7 4. e4 d6 5. Be2 O-O 6. Nf3 e5 7. d5 Nbd7 8. Bg5
a5 9. Nd2 h6 10. Be3 Nh7 11. a3 f5 12. f3 Ndf6 13. b4 axb4 14. axb4 Rxa1 15.
Qxa1 Nh5 16. c5 Nf4 17. Kf1 dxc5 18. bxc5 fxe4 19. Ndxe4 Nxd5 20. Nxd5 Qxd5 21.
Qa4 Be6 22. Kf2 Qb3 23. Ra1 Qxa4 24. Rxa4 Nf6 25. Nxf6+ Rxf6 26. Bc4 Bxc4 27.
Rxc4 Bf8 28. Re4 Re6 29. Ke2 Kf7 30. Kd3 b6 31. cxb6 cxb6 32. Rc4 b5 33. Rc7+
Kf6 34. Rb7 b4 35. Bd2 Rd6+ 36. Kc2 Rd4 37. Rb6+ Kf7 38. Be1 e4 39. Bd2 exf3
40. gxf3 Rh4 41. Kd3 h5 42. Be1 Rxh2 43. Bxb4 Bxb4 44. Rxb4 Kf6 45. Rb5 h4 46.
Ke3 h3 47. Kf4 Rg2 48. Rb6+ Kg7 49. Rb7+ Kh6 50. Rb8 h2 51. Rh8+ Kg7 52. Rh3
Kf6 53. Rh6 Ke6 54. Ke3 Kf5 55. f4 Rg3+ 56. Kf2 Kxf4 57. Rh4+ Rg4 58. Rxh2 Kg5
59. Kf1 Ra4 60. Rb2 Kf5 61. Kg2 Kg4 62. Kg1 g5 63. Rb1 Ra2 64. Rc1 Kh4 65. Rb1
g4 66. Rc1 Kh3 67. Rb1 g3 68. Rc1 Rg2+ 69. Kh1 Rh2+ 70. Kg1 Rg2+ 1/2-1/2

[Event "19th Hogeschool Zeeland Tournament"]
[Site "Vlissingen"]
[Date "2015.08.03"]
[Round "4"]
[Board "46"]
[White "Bandsma, Arend"]
[Black "Lentjes, Noud"]
[Result "0-1"]
[WhiteElo "1822"]
[BlackElo "2116"]
[PlyCount "36"]
[EventDate "2015.08.01"]
[EventRounds "9"]
[EventCountry "NED"]

1. Nf3 d5 2. g3 Nf6 3. Bg2 c6 4. O-O h6 5. d3 Bf5 6. Nbd2 e6 7. Re1 Be7 8. Nf1
O-O 9. N3d2 a5 10. e4 Bh7 11. e5 Nfd7 12. Nf3 c5 13. h4 Nc6 14. c3 Rc8 15. h5
b5 16. Bf4 d4 17. cxd4 cxd4 18. a3 Nc5 0-1

[Event "19th Hogeschool Zeeland Tournament"]
[Site "Vlissingen"]
[Date "2015.08.03"]
[Round "4"]
[Board "47"]
[White "Stange, Sven"]
[Black "Roller, Paul"]
[Result "1-0"]
[WhiteElo "2108"]
[BlackElo "1804"]
[PlyCount "54"]
[EventDate "2015.08.01"]
[EventRounds "9"]
[EventCountry "NED"]

1. d4 Nf6 2. c4 e6 3. Nc3 Bb4 4. Qc2 O-O 5. a3 Bxc3+ 6. Qxc3 d5 7. Bg5 dxc4 8.
Qxc4 b6 9. Rd1 Ba6 10. Qa4 c5 11. dxc5 Qc8 12. Bxf6 gxf6 13. Qg4+ Kh8 14. Qf3
Qxc5 15. Qxf6+ Kg8 16. h4 Nc6 17. Rh3 Rad8 18. Rxd8 Rxd8 19. Qg5+ Qxg5 20. hxg5
Bb5 21. Rc3 Na5 22. Nf3 Ba4 23. Nd2 Bb5 24. g3 Rd7 25. Bg2 Nb7 26. Ne4 Kg7 27.
Nf6 Rd8 1-0

[Event "19th Hogeschool Zeeland Tournament"]
[Site "Vlissingen"]
[Date "2015.08.03"]
[Round "4"]
[Board "48"]
[White "Provoost, Simon"]
[Black "Oude Brunink, Elias"]
[Result "1/2-1/2"]
[WhiteElo "2240"]
[BlackElo "1735"]
[PlyCount "66"]
[EventDate "2015.08.01"]
[EventRounds "9"]
[EventCountry "NED"]

1. d4 Nf6 2. Nf3 g6 3. Bf4 Bg7 4. e3 d6 5. Be2 Nbd7 6. O-O c5 7. c3 O-O 8. h3
a6 9. a4 Re8 10. Bh2 d5 11. Nbd2 h6 12. b4 cxb4 13. cxb4 Ne4 14. Qc2 e5 15.
dxe5 Nxe5 16. Nxe5 Bxe5 17. Bxe5 Rxe5 18. Nf3 Re7 19. Rfd1 Be6 20. Nd4 Rc8 21.
Qb2 Rec7 22. Bd3 Qf6 23. Bxe4 dxe4 24. Rac1 Bc4 25. a5 Bd3 26. Rxc7 Rxc7 27.
Rc1 Qd6 28. Rc3 Rc4 29. Rxc4 Bxc4 30. Qc3 Qd5 31. Qc2 f5 32. Qa4 Bb5 33. Qb3
Bc4 1/2-1/2